Statistics for Countries whose capital has the same name as the country

Click here to take the quiz!

General Stats

  • This quiz has been taken 85 times
  • The average score is 8 of 10

Answer Stats

HintAnswer% Correct
EuropeVatican City
90%
EuropeSan Marino
88%
Middle EastKuwait
87%
EuropeLuxembourg
87%
EuropeMonaco
86%
North AmericaMexico
84%
AsiaSingapore
84%
North AmericaPanama
83%
North AmericaGuatemala
82%
AfricaDjibouti
74%

Score Distribution

Percentile by Number Answered

Percent of People with Each Score

Your Score History

You have not taken this quiz